| 000 | 00518nam a22001697a 4500 | ||
|---|---|---|---|
| 005 | 20251108171909.0 | ||
| 008 | 250721s2000 xx 000 0 ara d | ||
| 082 | 1 | 4 | _a158.2/سعد |
| 100 | 1 | _aالسعداني، امل خليل | |
| 245 | 1 | 0 | _aكيف تتغلب على الخجل و تكسب مودة الناس / |
| 264 | 1 |
_aالقاهرة : _bمكتبة ابن سينا، _c2000. |
|
| 300 | _a64ص. | ||
| 650 | 1 | 7 | _aالعلاقات الشخصية |
| 650 | 1 | 7 | _aالخجل |
| 942 |
_2ddc _cBK |
||
| 999 |
_c65447 _d65447 |
||